| 000 | 00391nam a2200157Ia 4500 | ||
|---|---|---|---|
| 008 | 230312s9999||||xx |||||||||||||| ||und|| | ||
| 020 | _a0-582-23652-5 | ||
| 082 |
_a696.029641 _bHAL-B |
||
| 100 | _aHall;Frederick.E | ||
| 245 | 0 | _aBuilding Services & Equipments-1 | |
| 260 |
_bLongman _aUK _c4 |
||
| 300 | _a159 | ||
| 546 | _aEng. | ||
| 650 |
_aArchitecture _vBuilding Services |
||
| 942 | _cBK | ||
| 999 |
_c8896 _d8896 |
||